Central Library, Doon University
WEBOPAC (ONLINE PUBLIC ACCESS CATALOGUE)

Make It Stick (Record no. 60832)

MARC details
000 -LEADER
fixed length control field 00585nam a22002057a 4500
005 - DATE & TIME
control field 20260519131716.0
008 - FIXED-LENGTH DATA ELEMENTS--GENERAL INFORMATION
fixed length control field 260519b |||||||| |||| 00| 0 eng d
020 ## - ISBN
International Standard Book Number 9780674296039
Price 599.00
040 ## - CATALOGING SOURCE
Original cataloging agency Doon University
041 ## - Language
Language English
082 ## - DDC NUMBER
Classification number 370.1523
Book Number BRO
100 ## - MAIN ENTRY--PERSONAL NAME
Personal name Brown, Peter C.
245 ## - TITLE STATEMENT
Title Make It Stick
Sub Title : The Science of Successful Learning
260 ## - PUBLICATION, DISTRIBUTION, ETC. (IMPRINT)
Place of publication, distribution, etc London
Name of publisher, distributor, etc Belknap Press of Harvard University Press
Date of publication, distribution, etc 2012
300 ## - PHYSICAL DESCRIPTION
Pages 307
650 ## - Subject
Subject General Books
700 ## - Added Entry Personal Name
Added Entry Personal Name Roediger, Nehry L.
700 ## - Added Entry Personal Name
Added Entry Personal Name Mcdaniel, Mark A.
942 ## - ADDED ENTRY ELEMENTS (KOHA)
Koha item type Books
100 ## - MAIN ENTRY--PERSONAL NAME
-- 26853
700 ## - Added Entry Personal Name
-- 26854
700 ## - Added Entry Personal Name
-- 26855
952 ## - LOCATION AND ITEM INFORMATION (KOHA)
-- 2026-05-19
Holdings
Withdrawn status Lost status Source of classification or shelving scheme Damaged status Not for loan Location (home branch) Sublocation or collection (holding branch) Date acquired Koha full call number Accession No. Koha date last seen Koha item type
          Doon University Doon University 19.05.2026 370.1523 BRO 53994 19.05.2026 Books
Contact : +91-135-2533126 (Library),+91-135-2533105 (Admin Office) , Email : doonlibrary@gmail.com

Powered by Koha